000
00312nam a22001337a 4500
008
181107b xxu||||| |||| 00| 0 eng d
020
_a
9781416058847
041
_a
eng
080
_a
610
100
_a
3
101
_a
SHM
245
_a
Joint Of Motion And Muscle Leght Testinf
_c
Nancy.B
942
_2
udc
_c
BK
999
_c
52116
_d
52116